00540nam a2200121Ia 4500008004100000100002800041245007300069245010500142260004700247260000900294650002200303856009300325160809s9999 xx 000 0 und d aSucuoglu, NImet Bulbin. aINSTRUCTIONAL VARIABLES OF INCLUSIVE ELEMENTARY CLASSROOMS IN TURKEY cNimet Bulbin Sucuoglu Selma Akalin Ankara University Elif Sazak Pinar Abant Izzet Baysal University. bInternational Journal of Special Education c2015 xSPECIAL EDUCATION uhttp://www.internationaljournalofspecialed.com/issues/IJSE%20ENTIRE%20ISSUE%2030%201.pdf